POWERING UP STUDENTS: THE LEARNING POWER APPROACH TO HIGH SCHOOL TEACHING (Record no. 215756)

MARC details
000 -LEADER
fixed length control field 00585nam a22001817a 4500
008 - FIXED-LENGTH DATA ELEMENTS--GENERAL INFORMATION
fixed length control field 250625b |||||||| |||| 00| 0 eng d
020 ## - INTERNATIONAL STANDARD BOOK NUMBER
International Standard Book Number 978-178583338-0
050 ## - LIBRARY OF CONGRESS CALL NUMBER
Classification number LB 1737 .C563 2019
100 ## - MAIN ENTRY--PERSONAL NAME
Personal name CLAXTON,GUY,
245 ## - TITLE STATEMENT
Title POWERING UP STUDENTS: THE LEARNING POWER APPROACH TO HIGH SCHOOL TEACHING
260 ## - PUBLICATION, DISTRIBUTION, ETC.
Place of publication, distribution, etc. WILLISTON, VT
Name of publisher, distributor, etc. CROWN HOUSE PUBLISHING LIMITED
Date of publication, distribution, etc. 2019
300 ## - PHYSICAL DESCRIPTION
Extent xii, 356 pages : ill
500 ## - GENERAL NOTE
General note INCLUDES BIBLIOGRAPHICAL REFERENCES
650 ## - SUBJECT ADDED ENTRY
Topical term or geographic name entry element HIGH SCHOOL TEACHING
700 ## - ADDED ENTRY--PERSONAL NAME
Personal name POWELL, GRAHAM,
942 ## - ADDED ENTRY ELEMENTS (KOHA)
Source of classification or shelving scheme Library of Congress Classification
Koha item type Long Loan Book
Holdings
Withdrawn status Lost status Source of classification or shelving scheme Damaged status Not for loan Collection Home library Current library Shelving location Date acquired Inventory number Total checkouts Full call number Barcode Date last seen Copy number Price effective from Koha item type
    Library of Congress Classification     Arts & Social Sciences Kisii University Library Kisii University Library On Display 06/25/2025 108506   LB1737 .C563 2019 000000021613 06/25/2025 1 06/25/2025 Long Loan Book
    Library of Congress Classification     Arts & Social Sciences Kisii University Library Kisii University Library On Display 06/25/2025 108507   LB1737 .C563 2019 000000020090 06/25/2025 2 06/25/2025 Long Loan Book
    Library of Congress Classification     Arts & Social Sciences Kisii University Library Kisii University Library On Display 06/25/2025 108508   LB1737 .C563 2019 000000020089 06/25/2025 3 06/25/2025 Long Loan Book